Délmagyarország. - 1977. február 2., Szerda
Elmentve itt :
| Dokumentumtípus: | Újság |
|---|---|
| Megjelent: |
1977-02-02
|
| Sorozat: | Délmagyarország
67 No. 27 |
| Online Access: | http://dmarchiv.bibl.u-szeged.hu/20109 |
| LEADER | 00487nas a2200145 i 4500 | ||
|---|---|---|---|
| 001 | delm20109 | ||
| 005 | 20200415080637.0 | ||
| 008 | 171215s1977 hu n o 0|| hun d | ||
| 022 | |a 0133-025X | ||
| 040 | |a SZTE Délmagyarország Archívum |b hun | ||
| 041 | |a hun | ||
| 245 | 0 | 0 | |a Délmagyarország. - 1977. február 2., Szerda |h [elektronikus dokumentum] |
| 260 | |c 1977-02-02 | ||
| 490 | 0 | |a Délmagyarország |v 67 No. 27 | |
| 856 | 4 | 0 | |u http://dmarchiv.bibl.u-szeged.hu/20109/1/dm_1977_027.pdf |z Dokumentum-elérés |